Informe de los Jefes y Coordinadores de Fracción 2003-2004: memoria Asamblea Legislativa

שמור ב:
מידע ביבליוגרפי
מחבר תאגידי: Costa Rica. Asamblea Legislativa
פורמט: Texto
יצא לאור: San José: Asamblea Legislativa
נושאים:
תגים: הוספת תג
אין תגיות, היה/י הראשונ/ה לתייג את הרשומה!

MARC

LEADER 00000 a a2200000 04500
001 30460
003
040
020 |a 9968-35-016-8  
090 |a 195100  
110 |a Costa Rica. Asamblea Legislativa  
245 |a Informe de los Jefes y Coordinadores de Fracción 2003-2004: memoria Asamblea Legislativa  
260 |a San José:   |b Asamblea Legislativa  
300 |a 139 p.  
650 |a INFORMES DE ACTIVIDADES  
650 |a PODER LEGISLATIVO  
650 |a LEGISLACION  
650 |a COSTA RICA  
999 |c 10651  |d 10651